Statistiques concernant Paroles Ton Meilleur Ami- Aladdin

Cliquez ici pour prendre le quiz!

Statistiques générales

  • Ce quiz a été pris 139 fois
  • Le résultat moyen est 195 sur 292

Statistiques - réponses

Réponse% Correct
À
100%
a
100%
A
100%
Ami
98%
Je
97%
Me
97%
Meilleur
97%
Ton
97%
Suis
95%
De
92%
de
92%
La
92%
B
91%
Le
90%
Un
89%
Tu
88%
Ça
86%
Ce
86%
En
85%
Car
84%
Va
84%
Es
83%
Mon
82%
Qui
82%
Qu'il
82%
Au
81%
Maître
81%
Si
81%
Du
80%
Coeur
79%
Aladdin
78%
Et
78%
Te
78%
voleurs
78%
Quarante
77%
Toi
77%
Votre
76%
Vous
76%
As
75%
Plus
75%
Ali
74%
Baba
74%
Bien
74%
Peu
74%
L'or
73%
Faire
72%
Tes
72%
Cher
71%
Vaut
71%
C'est
70%
Dis
70%
Fort
70%
Pour
70%
Pouvoir
70%
Fruits
69%
histoires
69%
Mes
69%
Boum
68%
Colonne
68%
Éclair
68%
Tout
68%
Très
68%
Aujourd'hui
67%
Dessert
67%
Amis
66%
D'été
66%
Restaurant
66%
Truc
66%
Vie
66%
D'hôtel
65%
Encore
65%
Gagnant
65%
Génie
65%
Offre
65%
Que
65%
Seras
65%
Enfiles
64%
mille
64%
Possèdes
64%
Service
64%
Cette
63%
Coup
61%
Feu
61%
Gants
61%
Lampe
61%
Peux
60%
Quatre
60%
Allume
58%
Mèche
58%
Roi
58%
Frottant
57%
D'la
56%
Lapin
56%
Chante
54%
L'avoir
54%
Oreille
54%
Plats
54%
Ta
54%
Tonerre
54%
Commande
53%
Favori
53%
Servir
53%
Tour
53%
Creux
52%
Ou
52%
Prince
52%
Seigneur
52%
Nous
50%
Sommes
50%
Magicien
49%
Par
49%
Plaisir
48%
Divers
46%
Passez
46%
Vois
45%
J'ai
44%
Même
44%
Comme
43%
Est
43%
Offrir
43%
Reprenez
43%
Coupe
42%
Sais
42%
Les
41%
Oh
41%
Ordonnez
41%
Voeu
41%
Moi
40%
Oui
40%
Abracadabra
39%
J'aimerais
39%
Shéhérazade
36%
Magie
35%
Souhait
35%
Baklavas
33%
Mais
33%
Prie
32%
On
30%
Quel
30%
Chargé
28%
D'affaires
26%
Foo
26%
Prières
26%
Soutiendrai
26%
Fais
25%
Mains
25%
T'as
25%
Ho
23%
S'éclate
23%
Dos
22%
Frotte
22%
L'œil
22%
D'exaucer
21%
Chanteur
20%
Deux
19%
Disparaîtras
19%
Grand
19%
Liste
19%
Mâchoire
18%
Déjà
17%
17%
Hagard
16%
Remonte
16%
T'appuierai
16%
Certifié
15%
Veux
15%
Diplômé
13%
Garanti
9%
Okay
9%
Rab
5%
Nanab
1%

Distribution des résultats

Percentile par nombre de réponses

% des personnes avec chaque résultat

Votre développement - résultats

Vous n’avez pas pris ce quiz